000 00339nam a22001577a 4500
003 SGT
020 _a9781260441109
082 _a617.5
_bM19Z
100 _aZINNER, MICHAEL J.
245 _aMAINGOT'S ABDOMINAL OPERATION
250 _a13TH
260 _aNEW YORK
_bMCGROW HILL
300 _a1483
650 _aSURGERY
942 _2ddc
_cBK
999 _c21011
_d21011